The promise and limits of private power: promoting labor standards in a global economy

Saved in:
Bibliographic Details
Main Author: Locke, Richard M. (autor)
Format: Book
Language:English
Published: Nueva York Cambridge University Press 2013
Edition:1a. ed
Series:Cambridge Studies in Comparative Politics
Subjects:
Tags: Add Tag
No Tags, Be the first to tag this record!

MARC

LEADER 00000cam a2200000 a 4500
001 UCC5343
003 CL-VaPUC
008 181005e20130000us |||||||||||||||||eng|d
020 |a 9781107670884 
082 0 4 |a 331.12042  |b LOC  |2 21 
100 |a Locke, Richard M.  |e autor  |9 599674 
245 1 4 |a The promise and limits of private power: promoting labor standards in a global economy 
250 |a 1a. ed 
300 |a 208 p 
942 |c BK 
945 |d 20181005 11:02:00  |a dcastane 
260 |a Nueva York  |b Cambridge University Press  |c 2013 
650 0 |a Globalización  |9 361930 
650 7 |a ECONOMIA GLOBAL  |2 CL-VaPUC  |9 407077 
583 |a last modification  |c 20181005 11:02:00  |k Rodrigo Vera 
490 0 |a Cambridge Studies in Comparative Politics 
999 |c 372596  |d 372594 
952 |0 0  |1 0  |3 erb  |4 0  |6 331_120420000000000_LOC_2013  |7 0  |8 A  |9 490279  |a BIBDER  |b BIBDER  |i 5504597  |o 331.12042 LOC 2013  |p 5504597  |r 2023-01-25  |w 2019-11-24  |y BK  |z Catalogado en:20181005  |k DER